Tribhuvan University Central Library

The Younghusband expeddition ; an interpretation (Record no. 58698)

MARC details
000 -LEADER
fixed length control field 00491 a2200181 4500
041 ## - LANGUAGE CODE
Language code of text/sound track or separate title Eng.
082 ## - DEWEY DECIMAL CLASSIFICATION NUMBER
Classification number 951.5
Item number M474y
100 ## - MAIN ENTRY--PERSONAL NAME
Personal name Mehra, Parshotam
9 (RLIN) 2769
245 ## - TITLE STATEMENT
Title The Younghusband expeddition ; an interpretation
260 ## - PUBLICATION, DISTRIBUTION, ETC.
Place of publication, distribution, etc. New Delhi
Name of publisher, distributor, etc. Asia Publishing House
Date of publication, distribution, etc. 1968
300 ## - PHYSICAL DESCRIPTION
Extent xxi, 408p. illus.
504 ## - BIBLIOGRAPHY, ETC. NOTE
Bibliography, etc. note Bibliography: p. 397-403
650 ## - SUBJECT ADDED ENTRY--TOPICAL TERM
Topical term or geographic name entry element Foreign relations
650 ## - SUBJECT ADDED ENTRY--TOPICAL TERM
Topical term or geographic name entry element Negotations
9 (RLIN) 18832
650 ## - SUBJECT ADDED ENTRY--TOPICAL TERM
Topical term or geographic name entry element Convention
9 (RLIN) 18833
653 ## - INDEX TERM--UNCONTROLLED
Uncontrolled term History
942 ## - ADDED ENTRY ELEMENTS (KOHA)
Source of classification or shelving scheme Dewey Decimal Classification
Koha item type General Collections

No items available.